书目信息 |
| 题名: |
广告管理
|
|
| 作者: | 汪涛 编著 | |
| 分册: | ||
| 出版信息: | 武汉 武汉大学出版社 2003.01 |
|
| 页数: | 416页 | |
| 开本: | 24cm | |
| 丛书名: | 高等学校市场营销学系列教材 | |
| 单 册: | ||
| 中图分类: | F713.82 | |
| 科图分类: | ||
| 主题词: | 广告--经济管理--高等学校--教材 | |
| 电子资源: | ||
| ISBN: | 7-307-03756-4 | |
| 000 | 00959nam 2200277 450 | |
| 001 | 0152853163 | |
| 005 | 20051025101406.76 | |
| 010 | @a7-307-03756-4@dCNY28.00 | |
| 100 | @a20050927d2003 km y0chiy0120 ea | |
| 101 | 0 | @achi |
| 102 | @aCN@b420000 | |
| 105 | @aa a 000yy | |
| 200 | 1 | @a广告管理@Aguang gao guan li@d= Advertisement management@f汪涛编著@Fwang tao bian zhu@zeng |
| 205 | @a第2版 | |
| 210 | @a武汉@c武汉大学出版社@d2003.01 | |
| 215 | @a416页@c图@d24cm | |
| 225 | 2 | @a高等学校市场营销学系列教材 |
| 320 | @a有书目 (第416页)。 | |
| 330 | @a本书分六编,共十七章,涉及广告管理与决策、广告信息战略、广告媒体战略等,全面系统地阐述了广告运动的基本理论、策略、过程和方法技巧。 | |
| 410 | 0 | @12001 @a高等学校市场营销学系列教材 |
| 510 | 1 | @aAdvertisement management@zeng |
| 606 | 0 | @a广告@x经济管理@x高等学校@j教材 |
| 690 | @aF713.82@v4 | |
| 701 | 0 | @a汪涛@Awang tao@4编著 |
| 801 | 0 | @aCN@bQSSK@c20051025 |
| 905 | @a10447@dF713.82@eW076 | |
| 广告管理= Advertisement management/汪涛编著.-第2版.-武汉:武汉大学出版社,2003.01 |
| 416页:图;24cm.-(高等学校市场营销学系列教材) |
| ISBN 7-307-03756-4:CNY28.00 |
| 本书分六编,共十七章,涉及广告管理与决策、广告信息战略、广告媒体战略等,全面系统地阐述了广告运动的基本理论、策略、过程和方法技巧。 |
| ● |
| 相关链接 |
|
|
|
正题名:广告管理
索取号:F713.82/W076
 
预约/预借
| 序号 | 登录号 | 条形码 | 馆藏地/架位号 | 状态 | 备注 |
| 1 | 573148 | 205731485 | 社科二线422/409社科库 44排7列3层/ [索取号:F713.82/W076] | 在馆 | |
| 2 | 573149 | 205731494 | 社科库409/409社科库 44排7列3层/ [索取号:F713.82/W076] | 在馆 | |
| 3 | 573150 | 205731500 | 社科库409/409社科库 44排7列3层/ [索取号:F713.82/W076] | 在馆 |